| 000 | 00786nam a22002417a 4500 | ||
|---|---|---|---|
| 999 |
_c406149 _d406149 |
||
| 001 | 120080 | ||
| 003 | UA-OsUOA | ||
| 005 | 20200417131430.0 | ||
| 007 | ta | ||
| 008 | 20161207b un ||||| |||| 00| 0 ukr d | ||
| 040 |
_aUA-OsUOA _bukr _cUA-OsUOA _dUA-OsUOA |
||
| 041 | _aukr | ||
| 080 | _a821.161.2 | ||
| 090 |
_a821.161.2 _bК55 |
||
| 100 | _aКобилянська О. Ю. | ||
| 245 |
_a"В неділю рано зілля копала..." _bповість, оповідання _cупоряд. Ю. Б. Кузнецова |
||
| 260 |
_aК. _bРадянська школа _c1986 |
||
| 300 | _a462 с. | ||
| 650 | 7 |
_a82 Література. Літературознавство _2UDC |
|
| 942 |
_cBK _2udc |
||
| 955 | _a3 | ||